The Chile of Each Continent - Statistics

General Stats
  • This quiz has been taken 92 times
  • The average score is 3 of 6
Answer Stats
Continent Country % Correct
South America Chile
91%
Oceania New Zealand
74%
North America Panama
55%
Asia Vietnam
55%
Africa Malawi
44%
Europe Albania
22%
No matching quizzes found
Score Distribution
Percent of People with Each Score
Percentile by Number Answered
Your Score History
You have not taken this quiz